| 000 | 00343nam a2200133Ia 4500 | ||
|---|---|---|---|
| 005 | 20251222144856.0 | ||
| 008 | 251222s9999||||xx |||||||||||||| ||spa|| | ||
| 020 | _a9972-9871-3-2 | ||
| 082 | _a343.052/I97/2005 | ||
| 100 | _aOrtega Salvarría, Rosa | ||
| 245 | 0 | _aTeoría y Práctica: | |
| 264 | _bEstudio Caballero Bustamante | ||
| 942 | _cLIB | ||
| 999 |
_c21796 _d21796 |
||